000
00304nam a22001457a 4500
008
210528b ||||| |||| 00| 0 eng d
020
_a
9780321699121
041
_a
eng
080
_2
3rd
_a
311
082
_a
311
100
_a
55
101
_a
STA
245
_a
Intro Stats
_c
De Veaux
942
_2
udc
_c
BK
999
_c
57815
_d
57815